=LDR 00000nam 2200000 4500 =001 INLIS000000000015804 =005 20130612111058 =008 ***********************************Ind** =035 ##$$0010-061300000015804 =041 ##$$a Ind =082 ##$$a R.428.38 =090 ##$$a R.428.38, Har b =100 ##$$a Harter,Jhon J =245 ##$$a Bahasa Perdagangan, Daftarv Istilah yang sering dikenakan dalam sistem perdagangan Internasional, John J.Harter =260 ##$$a 1985 $b Jakarta =300 ##$$a XI,112 hlm, 21cm =650 ##$$a Bahasa Perdagangan =850 ##$$a NBPNMAT